Datum a čas kvízu

22 Celkem bodů Celkový počet nahraných bodů na tomto kvízu bez doplňovacích otázek.
16. Pořadí na kvízu Konečné umístění týmu na tomto kvízu.

Zaznamenané odpovědi

# Otázka Odpověď Body Výsledky
-14. NATO je mezinárodní vojenská a... 1949, Brusel 0.5
-13. Napište celý čtyřslovný anglic... North Atlantic Treaty Organisation / Organizace Severoatlantické smlouvy 1
-12. Jak se jmenuje současný generá... Jens Stoltenberg 0
-11. V listopadu 2015 došlo k první... Turecka 0
-10. Čtyři země Evropské unie nejso... Rakousko 0
-14. Ve které zemi vznikla i u nás... v Itálii 1
-13. Do které banky posíláte peníze... do Komerční banky 1
-12. Jak se jmenuje rakouský bankov... Erste 1
-11. Které velké zahraniční bance p... Deutsche Bank 1
-10. Ve středu 6. března vstoupila... Partners 0